Napojíme sa na Európu sieťou diaľnic
Schválenie Aktualizácie nového projektu výstavby diaľnic a rýchlostných ciest slovenskou vládou v júni 2003. Lepšia dostupnosť regiónov je dôležitá pre zníženie zaostávania ich rozvoja. Označenie ciest. Aktualizácia projektu. Alternatívy riešenia.
Guardado en:
| Autor principal: | |
|---|---|
| Formato: | Capítulo de libro |
| Lenguaje: | eslovaco |
| Materias: | |
| Etiquetas: |
Sin Etiquetas, Sea el primero en etiquetar este registro!
|
MARC
| LEADER | 00000naa a2200000 4500 | ||
|---|---|---|---|
| 001 | r049693 | ||
| 005 | 20230927091900.3 | ||
| 041 | 0 | |a slo | |
| 044 | |a SK | ||
| 245 | 1 | 0 | |a Napojíme sa na Európu sieťou diaľnic |c Ľubomír Šimna |
| 520 | |a Schválenie Aktualizácie nového projektu výstavby diaľnic a rýchlostných ciest slovenskou vládou v júni 2003. Lepšia dostupnosť regiónov je dôležitá pre zníženie zaostávania ich rozvoja. Označenie ciest. Aktualizácia projektu. Alternatívy riešenia. | ||
| 610 | 2 | 0 | |a diaľnice |
| 610 | 2 | 0 | |a rozvoj regionálny |
| 610 | 2 | 0 | |a projekty |
| 610 | 2 | 0 | |a financovanie |
| 610 | 2 | 0 | |a Slovensko |
| 100 | 1 | |a Šimna, Ľubomír | |